000 00332nam a22001457a 4500
003 SGT
020 _a9789351397175
082 _a343.0999
_bRAT
100 _aRATTAN , JYOTI
245 _aCYBER LAWS AND INFORMATION TECHNOLOGY
250 _a7
260 _aNEW DELHI
_bBHARAT LAW HOUSE
_c2019
300 _a559
942 _2ddc
_cBK
_012
999 _c19774
_d19774